|
|
|
|
| LEADER |
00000nam0a2200000 4500 |
| 001 |
303052 |
| 005 |
20231102001550.0 |
| 010 |
|
|
|a 9785996317240
|
| 035 |
|
|
|a (RuTPU)RU\TPU\book\328271
|
| 090 |
|
|
|a 303052
|
| 100 |
|
|
|a 20150831d2015 m y0rusy50 ca
|
| 101 |
0 |
|
|a rus
|
| 102 |
|
|
|a RU
|
| 105 |
|
|
|a a j 001zy
|
| 200 |
1 |
|
|a Технические и программные средства систем реального времени
|e учебник для вузов
|f Ю. Г. Древс
|
| 210 |
|
|
|a Москва
|c БИНОМ. Лаборатория знаний
|d 2015
|
| 215 |
|
|
|a 334 с.
|c ил.
|
| 225 |
1 |
|
|a Учебник для высшей школы
|
| 320 |
|
|
|a Библиогр.: с. 330-331.
|
| 330 |
|
|
|a Изложены принципы построения аппаратуры, особенности операционных систем, программирование, отладка и испытания, а также вопросы эксплуатации систем управления физическими объектами. При рассмотрении операционных систем внимание обращено на элементы, имеющие особое значение для систем реального времени: диспетчеризацию и синхронизацию задач, организацию прерываний и счет времени. Кратко рассмотрено программирование задач управления реального времени. Приводятся сведения по методике отладки и характеристикам эксплуатации подобных систем.Для подготовки бакалавров по информатике и вычислительной технике, будет полезен магистрам, а также специалистам по автоматизированным системам управления и обработке информации.
|
| 606 |
1 |
|
|a Вычислительные системы реального времени
|x Программное обеспечение
|2 stltpush
|3 (RuTPU)RU\TPU\subj\4415
|9 32692
|
| 610 |
1 |
|
|a измерительные каналы
|
| 610 |
1 |
|
|a информация
|
| 610 |
1 |
|
|a переработка
|
| 610 |
1 |
|
|a микроконтроллеры
|
| 610 |
1 |
|
|a многопроцессорные вычислительные системы
|
| 610 |
1 |
|
|a отображение
|
| 610 |
1 |
|
|a управление
|
| 610 |
1 |
|
|a исполнительные устройства
|
| 610 |
1 |
|
|a источники электроснабжения
|
| 610 |
1 |
|
|a сигналы
|
| 610 |
1 |
|
|a передача
|
| 610 |
1 |
|
|a линии связи
|
| 610 |
1 |
|
|a операционные системы реального времени
|
| 610 |
1 |
|
|a отладка
|
| 610 |
1 |
|
|a испытание
|
| 610 |
1 |
|
|a эксплуатация
|
| 610 |
1 |
|
|a учебники
|
| 675 |
|
|
|a 004.896.031.43(075.8)
|v 4
|
| 700 |
|
1 |
|a Древс
|b Ю. Г.
|g Юрий Георгиевич
|
| 801 |
|
1 |
|a RU
|b 63413507
|c 20150831
|
| 801 |
|
2 |
|a RU
|b 63413507
|c 20151029
|g RCR
|
| 900 |
|
|
|a Технические средства информационных технологий
|
| 900 |
|
|
|a Технические средства систем автоматизации и управления
|
| 900 |
|
|
|a Автоматизированные системы реального времени
|
| 900 |
|
|
|a Автоматизированные системы управления
|
| 942 |
|
|
|c BK
|
| 951 |
|
|
|l 8
|
| 959 |
|
|
|a 37/20150407
|d 5
|e 500,00
|f ЧЗТЛ:2
|f УФ:3
|